000
00332nam a22001457a 4500
003
OSt
005
20220214140032.0
008
220214b |||||||| |||| 00| 0 eng d
020
_a
8127202584
040
_c
HU
082
_a
627.5
100
_a
Sankara
_9
30386
245
_a
Efficient Use Of Irrigation Water
942
_2
ddc
_c
BOOKS
_n
0
999
_c
30185
_d
30185